00988nam a2200217 a 4500001000500000005001700005008004100022020001800063050003200081100002100113245005700134260003500191300001500226440003700241520011100278650003900389650006900428999001900497952012700516952012700643069820140414132144.0040927s19uu xx 00 eng d a0-439-04610-6 aKIT (LCER) 813.54bC16 1999 aCanizares, Susan aTedd and Huggly /cSusan Canizares, Samantha Berger. aNew York :bScholastic,c1999. ap. ; cm. aLearning center emergent readers aExamines the daily activities of author-illustrator Tedd Arnold and his creation Huggly, a little monster. aArnold, TeddxJuvenile literature. aAuthor's Americanx20th centuryxBiographyxJuvenile literature. c115393d115393 00104050aMUbMUcKITd2004-09-27eLib.Fundl0oKIT (LCER) 813.54 C16 1999pMU1957r2014-04-14 00:00:00w2014-04-14yKIT 00104050aMUbMUcKITd2004-09-27eLib.Fundl0oKIT (LCER) 813.54 C16 1999pMU1958r2014-04-14 00:00:00w2014-04-14yKIT